[Event "Fall Chess Classic-B 2019"]
[Site "Saint Louis"]
[Date "2019.09.15"]
[Round "6.2"]
[White "Fier, Alexandr"]
[Black "Mikhalevski, Victor"]
[Result "1-0"]
[WhiteElo "2549"]
[BlackElo "2578"]
[Annotator "RC"]
[PlyCount "79"]
[EventDate "2019.09.10"]
[EventType "tourn"]
[EventCountry "USA"]
[SourceTitle "playchess.com"]
[Source "ChessBase"]
[SourceQuality "1"]
[TimeControl "40/5400+30:1800+30"]

1. e4 {[%emt 0:00:00]} e5 {[%emt 0:02:52]} 2. f4 {[%emt 0:00:00]} d5 {[%emt 0:01:30]} 3. exd5 {[%emt 0:00:00]} exf4 {[%emt 0:00:06]} 4. Nf3 {[%emt 0:00:00]} Nf6 {[%emt 0:00:13]} 5. Bc4 {[%emt 0:00:00]} Nxd5 {[%emt 0:01:07]} 6. O-O {[%emt 0:00:00]} Be6 {[%emt 0:05:08]} 7. Bb3 {[%emt 0:00:16]} Bd6 {[%emt 0:09:02]} 8. c4 {[%emt 0:05:52]} Nb6 {[%emt 0:07:53]} 9. d4 {[%emt 0:00:50]} Nxc4 {[%emt 0:03:01]} 10. Re1 {[%emt 0:02:24]} Ne3 {[%emt 0:02:46]} 11. Bxe3 {[%emt 0:00:06]} fxe3 {[%emt 0:00:03]} 12. Bxe6 {[%emt 0:00:12]} fxe6 {[%emt 0:00:04]} 13. Qb3 {[%emt 0:02:22]} O-O {[%emt 0:00:37]} 14. Qxb7 {[%emt 0:02:38]} Nd7 {[%emt 0:06:07]} 15. Qe4 {[%emt 0:00:16]} Rb8 {[%emt 0:36:33]} 16. Na3 {[%emt 0:04:38]} Nf6 {[%emt 0:03:49]} 17. Qxe6+ {[%emt 0:01:03]} Kh8 {[%emt 0:00:06]} 18. Nc4 {[%emt 0:00:04]} Bf4 {[%emt 0:14:47]} 19. g3 {[%emt 0:03:57]} Re8 {[%emt 0:00:34]} 20. Qc6 {[%emt 0:01:28]} Bh6 {[%emt 0:00:47]} 21. Re2 {[%emt 0:05:16]} Qd5 {[%emt 0:00:37]} 22. Nce5 {[%emt 0:00:04]} Qxc6 {[%emt 0:00:48]} 23. Nxc6 {[%emt 0:00:03]} Rb6 {[%emt 0:00:09]} 24. Rc1 {[%emt 0:00:07]} Kg8 {[%emt 0:00:56]} 25. Nfe5 {[%emt 0:02:14]} a6 {[%emt 0:00:24]} 26. b4 {[%emt 0:02:59]} Nd5 {[%emt 0:01:00]} 27. a3 {[%emt 0:00:05]} g6 {[%emt 0:00:47]} 28. Nd7 {[%emt 0:01:17]} Bg7 {[%emt 0:01:18]} 29. Nxb6 {[%emt 0:01:49]} cxb6 {[%emt 0:00:01]} 30. Kf1 {[%emt 0:00:48]} Kf7 {[%emt 0:00:18]} 31. Ree1 {[%emt 0:01:21]} Ke6 {[%emt 0:00:14]} 32. Ke2 {[%emt 0:00:03]} h5 {[%emt 0:01:46]} 33. Kd3 {[%emt 0:05:37]} Ra8 {[%emt 0:00:14]} 34. Ke4 {[%emt 0:01:00]} Rf8 {[%emt 0:00:43]} 35. Ne5 {[%emt 0:00:18]} Nf6+ {[%emt 0:00:28]} 36. Kd3 {[%emt 0:01:16]} Rd8 {[%emt 0:00:40]} 37. Rxe3 {[%emt 0:00:39]} Kd5 {[%emt 0:00:29]} 38. Nc6 {[%emt 0:01:08]} Ng4 {[%emt 0:00:32]} 39. Nxd8 {[%emt 0:00:28]} Nxe3 {[%emt 0:00:01]} 40. Rc7 {[%emt 0:00:00]} 1-0

[Event "Fall Chess Classic-B 2019"]
[Site "Saint Louis"]
[Date "2019.09.15"]
[Round "6.3"]
[White "Grigoryan, Avetik"]
[Black "Kadric, Denis"]
[Result "1/2-1/2"]
[WhiteElo "2568"]
[BlackElo "2558"]
[Annotator "TA"]
[PlyCount "71"]
[EventDate "2019.09.10"]
[EventType "tourn"]
[EventCountry "USA"]
[SourceTitle "playchess.com"]
[Source "ChessBase"]
[SourceQuality "1"]

{[%evp 9,71,12,17,-13,-12,-31,-27,-27,-33,-23,16,-27,-3,-13,0,0,0,-19,-19,-23,-19,-38,-27,-14,-12,-31,-5,-10,0,-14,-8,-10,-9,-9,-7,-14,-15,-25,-17,-35,0,0,0,0,0,0,0,0,0,1,6,0,0,0,0,0,0,0,0,0,0,0,0,0]} 1. e4 d6 2. f4 Nf6 3. Nc3 g6 4. Bc4 (4. d4 Bg7 5. Nf3 c5 6. dxc5 Qa5 7. Qd4 dxc5 8. Qc4 Nc6 9. e5 Nd7 10. Be3 Qb4 11. O-O-O O-O 12. a3 Qa5 13. h4 h5 14. Bd3 Nb6 15. Qxc5 {1-0 (46) Morozevich,A (2731)-Rozum,I (2552) St Petersburg 2014}) 4... e6 5. Bb3 $146 ({Predecessor:} 5. d3 Bg7 6. Nf3 O-O 7. Bb3 Nbd7 8. O-O c5 9. Qe1 Qc7 10. Qh4 Rd8 11. f5 exf5 12. exf5 Ne5 13. Nxe5 dxe5 14. fxg6 {1-0 (14) Ries,A (1903)-Decrouppe,J (1456) Heimbach Weis 2014}) 5... d5 6. d3 {B07: Pirc Defence: Miscellaneous Systems} (6. e5 $5 {[%cal Re5f6]} Ne4 7. Nxe4 dxe4 8. d3 $11) 6... dxe4 7. dxe4 Qxd1+ 8. Kxd1 {Black has an edge.} b6 9. Nf3 Bb4 10. Bd2 O-O {With the idea ...Bxc3.} 11. e5 Bxc3 12. Bxc3 Rd8+ 13. Ke1 Nd5 14. Bxd5 exd5 15. h3 c5 16. g4 d4 17. Bd2 $1 Bb7 18. Kf2 Nd7 19. Rae1 c4 20. Bb4 $1 Nc5 21. Bxc5 $1 bxc5 22. e6 fxe6 23. Rxe6 Rab8 {[#] Hoping for ...Bd5.} 24. b3 $1 cxb3 25. cxb3 {The position is equal.} Bd5 26. Re7 c4 27. bxc4 Rb2+ 28. Kg3 Bxf3 29. Kxf3 Rxa2 $11 {[%mdl 4096] Endgame KRR-KRR} 30. Rb1 d3 31. Rbb7 {[#] And now Rg7+ would win.} d2 32. Rg7+ Kf8 33. Rgf7+ Kg8 34. Rg7+ Kf8 35. Rbf7+ Ke8 36. Re7+ {Accuracy: White = 57%, Black = 68%.} 1/2-1/2

[Event "Fall Chess Classic-B 2019"]
[Site "Saint Louis"]
[Date "2019.09.15"]
[Round "6.4"]
[White "Petrosyan, Manuel"]
[Black "Quesada Perez, Yasser"]
[Result "1/2-1/2"]
[WhiteElo "2613"]
[BlackElo "2572"]
[Annotator "TA"]
[PlyCount "62"]
[EventDate "2019.09.10"]
[EventType "tourn"]
[EventCountry "USA"]
[SourceTitle "playchess.com"]
[Source "ChessBase"]
[SourceQuality "1"]

{[%evp 9,62,26,21,0,8,8,37,33,56,46,49,37,72,17,21,12,26,16,18,20,29,0,0,-8,-3,-10,-9,-10,0,0,0,0,0,0,0,0,0,0,0,0,0,0,0,0,0,0,0,0,0,0,0,0,0,0,0]} 1. c4 e5 2. Nc3 Nc6 3. Nf3 g6 4. d4 exd4 5. Nxd4 Bg7 6. Be3 {A27: English Opening: Three Knights Variation} (6. Nxc6 bxc6 7. g3 Ne7 8. Bg2 O-O 9. O-O d6 10. Bg5 Be6 11. Qd3 Rb8 12. b3 c5 13. Rad1 h6 14. Bc1 Re8 15. Qd2 Kh7 16. Bb2 Ng8 17. Rfe1 Nf6 18. h3 {½-½ (33) So,W (2765)-Mamedyarov,S (2817) Kolkata 2018}) 6... Nge7 7. Nxc6 bxc6 (7... Bxc3+ {with more complications.} 8. bxc3 Nxc6 9. g3 b6 10. Bg2 Bb7) 8. Bd4 {White is slightly better.} O-O $146 ({Predecessor:} 8... Bxd4 9. Qxd4 O-O 10. Ne4 Nf5 11. Qc3 f6 12. g4 Qe7 13. Ng3 Nxg3 14. hxg3 Rb8 {½-½ (54) Arkell,K (2375)-Le Blancq,S (2410) London 1986}) 9. Bxg7 Kxg7 10. Qd4+ f6 11. Rd1 (11. O-O-O $16) 11... Nf5 12. Qf4 c5 13. e3 d6 14. Bd3 Rb8 15. Bxf5 (15. b3 {is more complex.} Nh6 16. O-O f5 17. f3 Nf7 18. Qg3) 15... Bxf5 {The position is equal.} 16. Rd2 Bd7 17. O-O Bc6 18. e4 Rb4 19. b3 a5 20. Rd3 Re8 21. Nd5 Bxd5 22. exd5 a4 23. Qd2 axb3 24. axb3 Rb8 25. Re1 Qd7 26. Rde3 Rxe3 27. Qxe3 Kf7 28. Qh6 Kg8 29. Qe3 Kf7 30. Qh6 Kg8 31. Qe3 Kf7 {Accuracy: White = 73%, Black = 82%.} 1/2-1/2

[Event "Fall Chess Classic-B 2019"]
[Site "Saint Louis"]
[Date "2019.09.15"]
[Round "6.5"]
[White "Shtembuliak, Evgeny"]
[Black "Hakobyan, Aram"]
[Result "0-1"]
[WhiteElo "2548"]
[BlackElo "2550"]
[Annotator "ChessBase"]
[PlyCount "70"]
[EventDate "2019.09.10"]
[EventType "tourn"]
[EventCountry "USA"]
[SourceTitle "playchess.com"]
[Source "ChessBase"]
[SourceQuality "1"]
[TimeControl "40/5400+30:1800+30"]

1. d4 {[%emt 0:00:00]} Nf6 {[%emt 0:00:00]} 2. c4 {[%emt 0:00:00]} e6 {[%emt 0:00:01]} 3. g3 {[%emt 0:00:00]} c5 {[%emt 0:00:06]} 4. d5 {[%emt 0:00:00]} exd5 {[%emt 0:00:06]} 5. cxd5 {[%emt 0:00:00]} d6 {[%emt 0:00:04]} 6. Bg2 {[%emt 0:00:20]} b5 {[%emt 0:00:23]} 7. a4 {[%emt 0:10:05]} b4 {[%emt 0:00:08]} 8. b3 {[%emt 0:10:47]} g6 {[%emt 0:00:22]} 9. Bb2 {[%emt 0:00:05]} Bg7 {[%emt 0:00:04]} 10. Nd2 {[%emt 0:04:46]} Ba6 {[%emt 0:00:01]} 11. Qc2 {[%emt 0:10:26]} Nbd7 {[%emt 0:01:03]} 12. a5 {[%emt 0:04:51]} O-O {[%emt 0:00:25]} 13. Nc4 {[%emt 0:08:49]} Qe7 {[%emt 0:00:02]} 14. e3 {[%emt 0:09:06]} Ng4 {[%emt 0:00:01]} 15. Bxg7 {[%emt 0:01:51]} Kxg7 {[%emt 0:00:02]} 16. Nf3 {[%emt 0:01:14]} Nde5 {[%emt 0:01:12]} 17. Nfxe5 {[%emt 0:04:41]} Nxe5 {[%emt 0:00:02]} 18. O-O {[%emt 0:00:13]} Qf6 {[%emt 0:00:49]} 19. Rfe1 {[%emt 0:03:57]} Bxc4 {[%emt 0:06:00]} 20. bxc4 {[%emt 0:00:14]} b3 {[%emt 0:00:17]} 21. Qe2 {[%emt 0:03:40]} Rab8 {[%emt 0:01:29]} 22. f4 {[%emt 0:00:05]} Nxc4 {[%emt 0:03:31]} 23. Qxc4 {[%emt 0:00:21]} Rb4 {[%emt 0:00:03]} 24. Qe2 {[%emt 0:06:02]} c4 {[%emt 0:00:04]} 25. e4 {[%emt 0:06:39]} Qd4+ {[%emt 0:06:26]} 26. Kf1 {[%emt 0:06:15]} c3 {[%emt 0:00:49]} 27. Rad1 {[%emt 0:00:02]} Qc4 {[%emt 0:03:43]} 28. e5 {[%emt 0:00:58]} c2 {[%emt 0:04:53]} 29. Rc1 {[%emt 0:00:12]} Rc8 {[%emt 0:00:52]} 30. exd6 {[%emt 0:04:22]} b2 {[%emt 0:01:08]} 31. Rxc2 {[%emt 0:01:50]} Qxc2 {[%emt 0:02:17]} 32. Qe5+ {[%emt 0:00:03]} Kg8 {[%emt 0:00:09]} 33. d7 {[%emt 0:00:34]} Rf8 {[%emt 0:00:23]} 34. Qe8 {[%emt 0:02:21]} b1=Q {[%emt 0:01:29]} 35. d8=Q {[%emt 0:00:05]} Qxe1+ {[%emt 0:00:17]} 0-1

[Event "Fall Chess Classic-B 2019"]
[Site "Saint Louis"]
[Date "2019.09.16"]
[Round "7.1"]
[White "Hakobyan, Aram"]
[Black "Zierk, Steven"]
[Result "1-0"]
[WhiteElo "2550"]
[BlackElo "2517"]
[Annotator "TA"]
[PlyCount "125"]
[EventDate "2019.09.10"]
[EventType "tourn"]
[EventCountry "USA"]
[SourceTitle "playchess.com"]
[Source "ChessBase"]
[SourceQuality "1"]

{[%evp 13,125,31,45,38,33,28,48,45,31,46,41,34,45,27,41,42,36,32,55,42,62,54,73,75,52,56,41,63,43,21,23,22,33,0,13,4,19,7,33,0,41,33,38,31,41,47,40,34,34,40,63,68,83,58,64,70,83,84,79,87,106,104,113,109,106,110,127,101,145,145,146,142,143,144,144,150,146,131,297,218,295,295,291,302,279,278,258,200,181,129,310,365,365,186,186,172,164,140,316,315,573,548,627,623,583,561,574,551,530,521,477,461,450,441]} 1. Nf3 d5 2. g3 Nf6 3. Bg2 c6 4. O-O Bf5 5. d3 h6 6. c4 e6 7. cxd5 exd5 8. Qb3 {A11: English Opening: 1...c6} Qb6 9. Qc2 Be7 10. Nc3 {White is slightly better.} O-O 11. e4 Bh7 12. Be3 Qa6 13. Rfd1 Nbd7 14. exd5 Nxd5 15. Nxd5 cxd5 {[#]} 16. Qb3 $146 Nf6 17. Bh3 Rfd8 18. Rac1 Ne8 19. Nd4 Bg5 20. f4 Bf6 21. Nb5 d4 22. Bf2 Qb6 23. Rc2 Rab8 24. Qa4 a6 25. Nc3 Qc5 {Hoping for ...b5.} 26. Bf1 Rbc8 {Strongly threatening ...Qc6.} 27. Rdc1 {Black must now prevent Nd5!} Qc6 28. Qxc6 Rxc6 29. Ne4 Rxc2 30. Nxf6+ Nxf6 31. Rxc2 Nd5 32. Bxd4 Bf5 33. Rc5 Be6 34. Ra5 Ne7 35. Bc5 Nc6 36. Ra3 Rd5 37. Rc3 Nd4 38. Kf2 Nb5 39. Rc1 Rd7 40. a4 Nd4 41. b4 {[%cal Bb2b4,Bb4c5][%mdl 32]} Nb3 42. Rc3 Nxc5 43. bxc5 $16 {[%mdl 4096] Endgame KRB-KRB} ({Resist} 43. Rxc5 $6 Rd4 $14) 43... Rd4 44. Bg2 Rb4 {intending ...Rb2+.} 45. Ke3 Bd7 $2 (45... a5 $16 46. c6 bxc6) 46. a5 Bc6 47. Bxc6 $1 bxc6 $18 {KR-KR} 48. d4 $1 Kf8 {[#]} 49. d5 $1 {[%mdl 512]} Ke7 (49... cxd5 50. c6) 50. d6+ Kd8 51. Kd3 ({White should play} 51. Rc1 $18) 51... Rb5 $2 {[#]} (51... f6 $16 {was necessary.} 52. Ra3 Rb1) 52. Kc4 $1 Rxa5 53. Re3 (53. Rb3 $142) 53... Ra4+ 54. Kb3 Ra5 {[#]} 55. Kb4 $1 {[%cal Rb4a5]} Rb5+ $2 (55... Ra1 $16) 56. Kc4 Rb7 $2 (56... Rb1 57. Re7 Rc1+ 58. Kb4 Rb1+ 59. Ka5 f5 60. Rxg7 Rb5+ 61. Kxa6 h5) 57. Ra3 {White is clearly winning.} Ra7 58. Rb3 Kc8 59. Rb6 Kd7 60. Rb8 a5 61. Rf8 Ke6 62. Re8+ Kf6 63. Kb3 {Accuracy: White = 74%, Black = 51%.} 1-0

[Event "Fall Chess Classic-B 2019"]
[Site "Saint Louis"]
[Date "2019.09.16"]
[Round "7.2"]
[White "Quesada Perez, Yasser"]
[Black "Shtembuliak, Evgeny"]
[Result "0-1"]
[WhiteElo "2572"]
[BlackElo "2548"]
[Annotator "TA"]
[PlyCount "116"]
[EventDate "2019.09.10"]
[EventType "tourn"]
[EventCountry "USA"]
[SourceTitle "playchess.com"]
[Source "ChessBase"]
[SourceQuality "1"]

{[%evp 10,116,39,20,19,27,29,8,8,16,12,26,30,12,25,22,32,29,32,0,0,0,0,0,0,-2,-10,-10,-8,-20,0,0,0,0,0,0,0,0,0,0,0,0,0,-6,-19,-21,-14,-6,-18,-18,-16,-17,0,0,0,-12,-14,-123,0,-129,-130,-150,-140,-103,-119,-145,-144,-138,-131,-131,-133,-129,-125,-137,-159,-138,-122,-115,-117,-112,-114,-106,0,-8,-8,-376,-391,-356,-342,-1021,-889,-717,-708,-1186,-1189,-1091,-1043,-1227,-912,-2429,-2053,-4133,-4133,-29964,-29965,-12831,-5128,-29977,-29978]} 1. e4 g6 2. d4 Bg7 3. Nf3 d6 4. Bc4 Nf6 5. Qe2 O-O 6. e5 dxe5 {B06: Modern Defence} (6... Ne8 7. h3 c5 8. dxc5 dxe5 9. Nxe5 Qd4 10. Ng4 Bxg4 11. hxg4 Qxc5 12. Be3 Qc6 13. c3 Nd6 14. Nd2 {0-1 (62) Zubov,A (2597)-Andreikin,D (2719) St Petersburg 2018}) 7. dxe5 Nd5 8. h3 Be6 {The position is equal.} 9. O-O Nd7 10. Bd2 c6 11. Nc3 Qc7 {[%cal Rd7e5]} 12. Rfe1 N7b6 {aiming for ...Nxc3.} 13. Bb3 $146 ({Predecessor:} 13. Bxd5 Nxd5 14. Nxd5 Bxd5 15. Nd4 Rab8 16. Bc3 c5 17. Nb3 Qc6 {0-1 (30) Prats Rodriguez,J (1995)-Valldeoriola Puigdoller,A (1948) Moia 2015}) 13... a5 14. Qe4 Nxc3 15. Bxc3 Bd5 16. Bxd5 $1 cxd5 17. Qg4 e6 18. h4 h5 19. Qf4 Qc4 20. Bd4 Nc8 21. b3 Qxc2 22. Rac1 $1 {[%cal Rc1c2]} Qf5 23. Qxf5 gxf5 24. Rc7 Na7 25. Rxb7 Nc6 26. Bc5 Rfb8 27. Rxb8+ Rxb8 28. Bd6 Rb6 29. Ng5 f4 30. Rc1 Bh6 31. Nf3 Bf8 32. Bc7 Ra6 33. a4 (33. Bd6 $11 {remains equal.}) 33... Be7 (33... Ba3 $1 $17 {[%cal Ra3c1]} 34. Ra1 Bb4) 34. Kh2 (34. Bd6 $11) 34... Kf8 $17 35. Ng5 Ke8 36. Bd6 Bxd6 37. exd6 {[%mdl 4096] Endgame KRN-KRN} Ne5 38. Nh3 Ng4+ ({But not} 38... Rxd6 39. Nxf4 Rb6 40. Rb1 $15) 39. Kg1 e5 40. Rc5 Kd7 41. Rxd5 {Strongly threatening f3.} Rxd6 42. Rxd6+ Kxd6 {KN-KN} 43. Ng5 f5 44. Nf7+ {[#]} Ke7 $1 {[%cal Re7f7]} 45. Ng5 Kd6 (45... Nf6 $17 {next ...Nd7 is good for Black.} 46. Nf3 Kd6) 46. Nf7+ $1 $11 Kd5 47. Kf1 $2 {[%mdl 8192]} (47. Nd8 $1 $11 {and White stays safe.}) 47... Nf6 $19 48. Ke2 {[#]} Ne4 $1 {[%cal Re4c5]} 49. b4 $2 (49. f3 Nc5 50. Nd8) 49... axb4 50. a5 Nc5 51. Ng5 e4 52. Nh3 Ne6 53. Kd1 Kc6 54. a6 Kb6 55. Ng5 Nd4 56. Nh3 e3 57. Ke1 Ne6 (57... b3 $142 58. Nxf4 Nc2+ 59. Kd1 exf2) 58. Kd1 b3 {Accuracy: White = 49%, Black = 75%.} 0-1

[Event "Fall Chess Classic-B 2019"]
[Site "Saint Louis"]
[Date "2019.09.16"]
[Round "7.3"]
[White "Kadric, Denis"]
[Black "Petrosyan, Manuel"]
[Result "0-1"]
[WhiteElo "2558"]
[BlackElo "2613"]
[Annotator "TA"]
[PlyCount "80"]
[EventDate "2019.09.10"]
[EventType "tourn"]
[EventCountry "USA"]
[SourceTitle "playchess.com"]
[Source "ChessBase"]
[SourceQuality "1"]

{[%evp 17,80,0,0,0,0,0,0,0,0,-19,0,-1,0,-12,-20,-30,-21,-22,-21,-34,-22,-51,-60,-148,-147,-132,-133,-172,-172,-176,-186,-178,0,0,0,-28,-35,-35,0,-140,-24,-29,-29,-42,-37,-23,-28,-40,-27,-129,-135,-145,-152,-250,-234,-217,-233,-297,-282,-285,-279,-433,-373,-317,-306]} 1. e4 e5 2. Nf3 Nc6 3. Nc3 Nf6 4. Bb5 Bb4 5. O-O O-O 6. d3 Bxc3 7. bxc3 d6 8. Re1 h6 9. d4 Bd7 10. Rb1 {C49: Four Knights: 4 Bb5 Bb4} b6 11. h3 Re8 12. Bd3 {The position is equal.} Nh7 13. Re3 $146 ({Predecessor:} 13. Be3 Qf6 14. Kh2 Ne7 15. Ng1 Rad8 16. g3 Qg6 17. g4 Qf6 {0-1 (47) Reshef,O (2490)-Quesada Perez,Y (2642) Burlingame 2018}) 13... Qf6 14. d5 Ne7 {[%cal Bc6e7,Be7g6,Bg6f4,Bf4h3][%mdl 32]} 15. Nh2 Ng6 16. Rg3 a5 17. Ng4 Qh4 18. Ne3 Nf4 19. Bb5 Bxb5 {[#]} 20. Rxg7+ $1 {[%mdl 512]} Kh8 $17 (20... Kxg7 21. Nf5+) 21. Rxb5 Rg8 22. Rg4 Nxh3+ $1 23. Kh2 (23. gxh3 Qxh3 24. f3 Nf6 $11) 23... Qxf2 24. Kxh3 {And now Rxg8+ would win.} Rg5 ({And not} 24... h5 25. Rxg8+ Rxg8 26. Kh2 $11) ({Black should try} 24... f5 $1 $19 25. exf5 (25. Nxf5 $2 Rxg4 26. Qxg4 Rg8 $19) 25... Rg5 26. Rxg5 (26. g3 $2 Rag8 $19) 26... Nxg5+ 27. Kh2 Rg8) 25. Rxg5 $1 $11 ({Wrong is} 25. Nf5 $2 Rxg4 26. Qxg4 Rg8 $19) 25... Nxg5+ 26. Kh2 {Strongly threatening Nf5.} Qh4+ {[%mdl 64] Double Attack} 27. Kg1 Rg8 {( -> ...Nh3+)} 28. Qe2 ({Don't blunder} 28. Nf5 $2 Qxe4 29. Ne3 Qf4 $19) (28. Qf1 $1 $11 {was the only way to keep the balance.}) 28... Qxe4 (28... Qf4 $1 $17 {aiming for ...Nf3+.} 29. Rb3 Nh3+ 30. Kh1 Nf2+ 31. Kg1 Ng4) 29. Kf1 f5 {White must now prevent ...Qh4.} 30. Qc4 $1 f4 {...Qg6 is the strong threat.} 31. Qxe4 Nxe4 32. Nd1 Ng3+ {[%mdl 1024] Black has compensation.} 33. Kf2 {[#]} (33. Ke1 $1 $11) 33... Rg5 $1 $17 34. Kf3 Nf5 35. g4 (35. Bd2 $17 {is a better defense.}) 35... Nh4+ $19 36. Ke2 Rxg4 37. Nf2 {[#]} Rg1 $1 {[%cal Rg1c1]} 38. Bd2 Nf5 39. Kd3 (39. Be1 $142) 39... Rf1 40. Ne4 Ng3 {Accuracy: White = 41%, Black = 70%.} 0-1

[Event "Fall Chess Classic-B 2019"]
[Site "Saint Louis"]
[Date "2019.09.16"]
[Round "7.4"]
[White "Mikhalevski, Victor"]
[Black "Grigoryan, Avetik"]
[Result "1/2-1/2"]
[WhiteElo "2578"]
[BlackElo "2568"]
[Annotator "TA"]
[PlyCount "201"]
[EventDate "2019.09.10"]
[EventType "tourn"]
[EventCountry "USA"]
[SourceTitle "playchess.com"]
[Source "ChessBase"]
[SourceQuality "1"]

{[%evp 11,201,2,13,16,14,15,31,-25,-22,-33,0,-30,-24,-32,-16,-47,-29,-50,-22,-31,-36,-40,-31,-37,-42,-61,-27,-89,-85,-104,-62,-73,-48,-62,-22,-45,-50,-68,-66,-74,-53,-162,-142,-216,-216,-229,-223,-233,-228,-226,-225,-213,-205,-257,-235,-241,-231,-252,-242,-257,-247,-327,-243,-248,-256,-263,-140,-191,-206,-191,-203,-200,-133,-131,-114,-99,-94,-118,-101,-97,-29,-29,-29,-29,-29,-29,-4,-4,-4,-4,-4,-4,-4,-4,-4,-29,-4,-4,-4,-4,-4,-4,0,-4,-4,-4,-4,-4,0,-4,-4,-4,-4,-4,-4,-4,-4,-4,-4,-4,-4,-4,-4,-4,-4,-4,-4,-29,-29,-29,-29,-29,0,-4,0,-29,0,0,0,0,0,-4,0,0,0,-4,-4,-4,-4,-29,-29,-29,-29,-29,-29,-29,-29,-29,-29,-29,-29,-29,0,-29,-29,-29,-29,-29,-29,-29,-29,-29,-15,-29,0,-29,-29,-29,-29,-29,-29,-29,-29,-29,-29,-29,0,0,0,0,0,0]} 1. Nf3 Nf6 2. g3 g6 3. d4 c5 4. c3 b6 5. Bg2 Bb7 6. O-O Bg7 7. dxc5 {A49: 1 d4 Nf6 2 Nf3 g6 3 g3: Anti-King's Indian systems} (7. Bg5 O-O 8. Nbd2 h6 9. Bxf6 Bxf6 10. e3 h5 11. Ne1 d5 12. Nd3 Nc6 13. f4 Ba6 14. Nf3 e6 {1-0 (46) Banusz,T (2612)-Gledura,B (2621) Budapest 2018}) 7... bxc5 8. Qb3 Bd5 9. Qa3 (9. c4 $14 Bc6 10. Qd3) 9... d6 $11 10. Re1 $146 ({Predecessor:} 10. c4 Bc6 11. Nc3 O-O 12. Re1 Ne4 13. Nxe4 Bxe4 {0-1 (58) Balog,I (1999)-Egri,L (2158) Hungary 2009}) 10... Nbd7 11. Nbd2 O-O 12. e4 Bc6 13. Qa6 Qb6 $36 {[%mdl 2048] Black has good play.} 14. Qe2 Qb7 15. Nh4 Nb6 16. f4 Nfd7 17. Nhf3 e6 18. h4 e5 19. fxe5 (19. f5 $11 {remains equal.}) 19... Nxe5 $17 20. Nb3 a5 {[%cal Ba7a5,Ba5a4][%mdl 32]} 21. Nxe5 Bxe5 22. Bf4 $1 Qe7 23. Bxe5 Qxe5 24. Kh2 a4 25. Nc1 c4 26. Qf2 (26. a3 $1 $15) 26... Nd7 $19 {[%cal Bb6d7,Bd7f6,Bf6d5][%mdl 32]} 27. Ne2 (27. Qd4 $17) 27... Nf6 ({Much less strong is} 27... Bxe4 28. Bxe4 Qxe4 29. Nd4 $17) 28. Qf4 Bxe4 29. Nd4 {[%cal Rg2e4]} Qxf4 30. gxf4 Bxg2 31. Kxg2 Nd5 32. f5 Rfb8 33. Rab1 Rb6 34. Kf3 Rab8 ({Don't do} 34... a3 35. bxa3 Rxb1 36. Rxb1 $17) 35. Rbd1 Nf6 36. Re7 d5 37. Nc2 Rxb2 38. Nb4 Ra8 (38... Rd8 $19 39. Nc6 Ra8) 39. fxg6 (39. Nxd5 $17 Nxd5 40. Rxd5) 39... hxg6 40. Nxd5 Nxd5 41. Rxd5 $17 {[%mdl 4096] Endgame KRR-KRR} Ra6 42. h5 Rxa2 {aiming for ...gxh5.} 43. hxg6 Rxg6 44. Ra5 Rf6+ 45. Ke3 Rd6 (45... Rc2 $17 46. Kd4 Rf4+ 47. Re4 Rxe4+ {[%mdl 64] Overworked Piece} 48. Kxe4 Rxc3 49. Rxa4 Kg7) 46. Rc7 $11 Rd3+ 47. Ke4 Re2+ 48. Kf4 Rxc3 {[#] ...a3 is the strong threat.} 49. Rxa4 Rec2 50. Ra8+ Kg7 {With the idea ...Rf2+.} 51. Rac8 $1 Rc1 {Black wants to play ...Rh3.} 52. Rc5 R3c2 53. R8c7 c3 54. Kg3 Rg1+ 55. Kf3 Rf1+ 56. Kg3 Rfc1 57. R5c6 Rg1+ 58. Kf3 Rh1 {Hoping for ...Rhh2.} 59. Kg3 Rhc1 60. Rc5 Kg6 61. R7c6+ f6 62. Rc7 Kh6 63. R7c6 Kg7 64. Rc7+ Kg6 65. R7c6 Rg1+ 66. Kf3 Rh1 {[#] Strongly threatening ...Rhh2.} 67. Kg3 Rch2 68. Rxc3 Kg5 69. Rc8 Rh3+ 70. Kg2 R1h2+ 71. Kg1 Rh1+ 72. Kg2 R1h2+ 73. Kg1 Rh7 74. R8c5+ f5 (74... Kg6 {is more complex.} 75. Rg3+ Kf7 76. Rc7+ Kf8 77. Rc8+ Ke7) 75. Rf3 Rh1+ 76. Kg2 R1h2+ 77. Kg1 Rh1+ 78. Kg2 R7h2+ 79. Kg3 Rh3+ 80. Kg2 R1h2+ 81. Kg1 Rxf3 82. Kxh2 {KR-KR} Kg4 83. Kg2 Rg3+ 84. Kf2 Ra3 85. Rc8 Ra2+ 86. Kf1 Ra3 87. Kf2 Rf3+ 88. Kg2 Rg3+ 89. Kf2 {Intending Rg8+ and mate.} Rb3 (89... Rh3 {is interesting.} 90. Ra8 Rh2+ 91. Kg1 Rb2 92. Ra3 f4) 90. Ra8 Rf3+ 91. Kg2 Rd3 92. Kf2 Rf3+ 93. Kg2 Rc3 94. Kf2 Rc2+ 95. Kf1 Rd2 (95... f4 $5 {[%cal Rg4g3]}) 96. Ra3 Kf4 97. Rb3 Ke4 98. Ra3 Rd3 99. Rxd3 {The position is equal.} Kxd3 100. Kf2 Ke4 {( -> ...Kf4)} 101. Ke2 {Accuracy: White = 64%, Black = 62%.} 1/2-1/2

[Event "Fall Chess Classic-B 2019"]
[Site "Saint Louis"]
[Date "2019.09.16"]
[Round "7.5"]
[White "Hambleton, Aman"]
[Black "Fier, Alexandr"]
[Result "1/2-1/2"]
[WhiteElo "2492"]
[BlackElo "2549"]
[Annotator "TA"]
[PlyCount "64"]
[EventDate "2019.09.10"]
[EventType "tourn"]
[EventCountry "USA"]
[SourceTitle "playchess.com"]
[Source "ChessBase"]
[SourceQuality "1"]

{[%evp 21,64,3,19,0,27,26,82,51,48,33,42,43,41,42,38,40,54,36,61,-12,-10,-11,-17,-44,13,13,13,7,8,9,8,0,45,31,32,32,32,32,29,16,16,13,17,11,19]} 1. d4 g6 2. c4 Nf6 3. Nc3 d5 4. cxd5 Nxd5 5. e4 Nxc3 6. bxc3 Bg7 7. Be3 c5 8. Nf3 Qa5 9. Qd2 O-O 10. Rc1 Rd8 11. d5 e6 12. Be2 {D85: Exchange Grünfeld: Unusual White 7th moves and lines with 7 Nf3} (12. Bg5 f6 13. Be3 Nc6 14. h4 exd5 15. exd5 Bg4 16. Be2 c4 17. Bxc4 Bxf3 18. gxf3 Ne5 19. Be2 Qxd5 20. Qxd5+ Rxd5 {½-½ (40) Akobian,V (2625)-So,W (2762) Saint Louis 2019}) 12... Nc6 13. O-O Ne7 (13... exd5 $11 14. exd5 Bf5) 14. c4 $146 {White is better.} ({Predecessor:} 14. Bg5 f6 15. c4 Qxd2 16. Bxd2 f5 17. Bg5 Kf8 18. exf5 gxf5 19. Rfe1 Re8 20. Bd1 h6 21. Bh4 Ng6 22. Ba4 Nxh4 23. Nxh4 Rd8 24. dxe6 Bf6 25. e7+ {1-0 (25) Sanjose Torres,C-Hernando Garcia,A (2295) Zaragoza 1995}) 14... Qxd2 15. Nxd2 b6 $1 16. a4 f5 17. Bg5 Re8 18. Bf3 fxe4 19. Nxe4 {Hoping for Nd6.} Nf5 $1 20. Nf6+ (20. d6 $14) 20... Bxf6 $1 $11 21. Bxf6 {Threatens to win with dxe6.} Bb7 $1 22. d6 Nxd6 (22... Bxf3 $15 23. d7 Rf8) 23. Rfd1 Bxf3 24. Rxd6 Rf8 25. Bg5 Bb7 26. a5 Ba6 27. axb6 axb6 28. Rxe6 Rab8 29. h3 Rfe8 30. Rd6 Re4 {The position is equal.} 31. Rb1 Bxc4 32. Rbxb6 Rxb6 {Accuracy: White = 53%, Black = 56%.} 1/2-1/2